LEADER 01202naa a2200217 u 4500 001 000000098333 003 CaOOAMICUS 005 20070226130154.0 008 050531s1985 it u000 u ita u 035 $a11047631 040 $aIAR$bita 100 1 $aVoltolini, Alberto.$0(OLS)http://pul/name/62084 245 10$aDal solipsismo come verità ineffabile ai truismi come certezza inespressa :$bFenomenologia e grammatica del "secondo" Wittgenstein /$cAlberto Voltolini. 260 $aPisa :$bScuola Normale,$c1985. 300 $aS. 1035-1077 ;$c25 cm 600 14$aWittgenstein, Ludwig,$d1889-1951$xFilosofia.$0(OLS)http://pul/subject/2057 730 0 $aAnnali della Scuola normale superiore di Pisa, Classe di lettere e filosofia$g[Spogli].$0(OLS)http://pul/title/24292 773 0 $tAnnali della Scuola Normale Superiore di Pisa$gSerie III, vol. XV,3 (1985) 773 0 $tAnnali della Scuola normale superiore di Pisa, Classe di lettere e filosofia$w()16982 996 $6245$aDal solipsismo come verità ineffabile ai truismi come certezza inespressa :$bFenomenologia e grammatica del "secondo" Wittgenstein$9(OLS)http://pul/title/125213 996 $6260$aPisa :$bScuola Normale$9(OLS)http://pul/publisher/79182 LEADER 01182nam a2200301 a 4500 001 000000168254 003 CaOOAMICUS 005 20180614113441.0 008 180614s2017 it u000 u ita r 020 $a978-88-16-41409-9* 032 $aLibriCat 040 $aPUL$bita 041 1 $aita$hfre 100 1 $aEliade, Mircea,$d1907-1986.$0(OLS)http://pul/name/1652 240 10$aDictionnaire des religions.$lItaliano.$0(OLS)http://pul/title/208518 245 10$aDizionario delle religioni /$cMircea Eliade, Ioan Petru Couliano. 250 $aNuova ed. 260 $aMilano :$bJaca Book,$c2017. 300 $a251 p. ;$c25 cm. 650 4$aReligioni$vDizionari.$0(OLS)http://pul/subject/129 700 1 $aCulianu, Ioan Petru.$0(OLS)http://pul/name/40609 850 $aPUL 852 $aPUL$W1$xSL Cons. Gen., Altre Classi 1$y1$m2014 F 20$j191791$qStampati$B196136$CPULBib$Z2$F196136 $H130999 $81 941 1 $a8 996 $6020$a978-88-16-41409-9*$9(OLS)http://pul/number/164345 996 $6245$aDizionario delle religioni$9(OLS)http://pul/title/156 996 $6260$aMilano :$bJaca Book$9(OLS)http://pul/publisher/47900